000 00643nam a2200229Ia 4500
003 OSt
005 20221007064420.0
006 a|||||r|||| 00| 0
007 ta
008 221006b |||||||| |||| 00| 0 eng d
024 _a14,838
037 _cTextual
040 _aFLL
_cFLL
_beng
041 _2eng
_aeng
082 _aY7b42.N7, M1
100 _aVidyarthi L.P. Au.
_9685754
245 0 _aDevelopment of researches in anthropology in India
260 _aDelhi
_bConcept Publishing Company India
_c1981
300 _a254p
_ccm.
942 _hY7b42.N7, M1
_cTEXL
_2CC
999 _c1133968
_d1133968